Stability theory by Liapunov's direct method /
Guardado en:
| Autor Principal: | |
|---|---|
| Otros Autores: | , |
| Formato: | Libro |
| Idioma: | English |
| Publicado: |
New York :
Springer-Verlag,
c1977.
|
| Series: | Applied mathematical sciences (Springer-Verlag New York Inc.) ;
v. 22. |
| Materias: | |
| Etiquetas: |
Agregar Etiqueta
Sin Etiquetas, Sea el primero en etiquetar este registro!
|
| LEADER | 01442cam a2200301 a 4500 | ||
|---|---|---|---|
| 001 | MAT.inmabb003381 | ||
| 008 | 770418s1977####nyua#####b####001#0#eng## | ||
| 005 | 20130328191157.0 | ||
| 245 | 1 | 0 | |a Stability theory by Liapunov's direct method / |c N. Rouche, P. Habets, M. Laloy. |
| 260 | |a New York : |b Springer-Verlag, |c c1977. | ||
| 300 | |a xii, 396 p. : |b il. ; |c 24 cm. | ||
| 490 | 1 | |a Applied mathematical sciences ; |v 22 | |
| 500 | |a Colaboradores en algunos capítulos: C. Risito, K. Peiffer, R. J. Ballieu, Dang Chau Phien, J. L. Corne. | ||
| 504 | |a Incluye referencias bibliográficas (p. [370]-385) e índices. | ||
| 505 | 8 | |a 1. Elements of stability theory -- 2. Simple topics in stability theory -- 3. Stability of a mechanical equilibrium -- 4. Stability in the presence of first integrals -- 5. Instability -- 6. A survey of qualitative concepts -- 7. Attractivity for autonomous equations -- 8. Attractivity for non autonomous equations -- 9. The comparison method. | |
| 510 | 4 | |a MR, |c 56 #9008 | |
| 020 | |a 0387902589 | ||
| 100 | 1 | |a Rouche, Nicolas. | |
| 700 | 1 | |a Habets, P., |d 1943- | |
| 700 | 1 | |a LaLoy, M., |d 1946- | |
| 830 | 0 | |a Applied mathematical sciences (Springer-Verlag New York Inc.) ; |v v. 22. | |
| 650 | 0 | |a Differential equations. | |
| 650 | 0 | |a Stability. | |
| 650 | 0 | |a Lyapunov functions. | |
| 084 | |a 34D20 (93D05) |2 msc2000 | ||
| 010 | |a 77007285 | ||
| 040 | |a DLC |c DLC |d DLC | ||
| 859 | |h 34 |i R854 |p A-4711 |b BIB. MATEMATICA | ||
